000 00644nam a2200241Ia 4500
003 OSt
005 20220918223334.0
006 a|||||r|||| 00| 0
007 ta
008 220917b |||||||| |||| 00| 0 eng d
024 _a222,020
037 _cTextual
040 _aARTS
_cARTS
_beng
041 _2eng
_aeng
082 _aR3,(Z)xM89, P3(Q4)
100 _aSalter Michael Ed.
_9145554
245 0 _aHegal and law
260 _aDartmouth
_bAshgate
_c2003
300 _axLiii,453p
_ccm.
490 _aPhilosophers and law
942 _hR3,(Z)xM89, P3(Q4)
_cTEXL
_2CC
999 _c278208
_d278208